00548pab a2200169 454500008004000000100001600040245010800056260000900164300001500173362000800188650001100196773003200207908000600239909001000245999001700255952010600272180718b2011 xxu||||| |||| 00| 0 eng d aKundu, Amit aConsumption and income revisit of permanent income hypothesis with an application to the Indian economy c2011 ap.867-907. aApr aIncome aIndian Journal of Economics aN a93679 c93679d93679 00104070aIIPAbIIPAd2018-07-19hVolume no: 89, Issue no: 363pAR94139r2018-07-19w2018-07-19yAR